000 00639nam a2200229 a 4500
001 000021128
005 20200930011236.0
008 100831s1988 mx 000 f spa d
020 _a9688460494
040 _aDO-SdBNP
_bSPA
_cBNPHU
082 _aPR863.44
_bS582c
100 1 _aSilén, Iván,
_d1944-
_917900
245 1 3 _aLa casa de ulimar /
_cIván Silén.
260 _aMéxico :
_bVillicaña,
_c1988.
300 _a465, [9] p. ;
_c20 cm.
490 1 _aLiteratura
650 4 _aNovela puertorriqueña
_91185
650 4 _aLiteratura puertorriqueña
_ySIGLO XX
_95311
830 0 _aLiteratura
_98095
910 _aWM
049 _aBNGR
999 _c20630
_d20630